000 00904cam a22002537a 4500
001 124877
005 20230410123921.0
008 050406s2004 mx b 000 0 spa d
020 _a9681673654
041 _aspa
082 _a379.72
050 1 4 _aLA 422
_bL351s 2004
100 1 _aLatapí, Pablo.
245 1 3 _aLa SEP por dentro :
_blas políticas de la Secretarâia de Educación Pública comentadas por cuatro de sus secretarios (1992-2004) /
_cPablo Latapí Sarre.
260 _aMéxico, D.F. :
_bFondo de Cultura Económica,
_c2004.
300 _a364 p. ;
_c21 cm.
440 0 _aEducación y pedagogía
504 _aIncludes bibliographical references (p. 357-364).
610 1 0 _aMexico.
_bSecretaría de Educación Pública
_xHistory.
650 _aEducación y Estado
_zMéxico.
650 0 _aEducation, Elementary
_zMexico.
650 0 _aEducation and state
_zMexico.
942 _2lcc
_cbk
999 _c68180
_d68180